000 01482nam a22002537a 4500
999 _c320078
_d320078
001 33619
003 UA-OsUOA
005 20230504161226.0
007 ta
008 20050831b un ||||| |||| 00| 0 ukr d
020 _a9665740423
040 _aUA-OsUOA
_bukr
_cUA-OsUOA
_dUA-OsUOA
041 _aukr
080 _a336.7
090 _a336.7
_bГ89
245 _aГроші та кредит
_bпідручник
_cБ. С. Івасіва
260 _aК.
_bКНЕУ
_c1999
300 _a404 с.
520 _aПідручник підготовлено відповідно до типової навчальної дисципліни «Гроші та кредит». У ньому висвітлюються основи функціонування грошей та кредиту в умовах ринкової економіки. Значна увага приділяється аналізу практики грошового обігу та операцій установ кредитної системи. Підручник написано з позиції су­часної монетарної теорії. Теоретичний матеріал доповнено аналізом офіційних статистичних публікацій, звітів банківської системи.
650 7 _a336 Фінанси
_2UDC
942 _cBK
_2udc
955 _a2